Ανίχνευση μεταλλάξεων στο γονίδιο KAL, στο γονίδιο της GnRH, στο γονίδιο του υποκινητή της GnRH, και στο γονίδιο του υποδοχέα της GnRH σε ασθενείς με ανεπάρκεια GnRH

Bibliographic Details
Main Author: Βαγενάκης, Γεώργιος Α.
Corporate Author: Πανεπιστήμιο Πατρών Σχολή Επιστημών Υγείας Τμήμα Ιατρικής (Σχολή Επιστημών Υγείας, Τμήμα Ιατρικής)
Format: Book
Language:Greek
Published: Πάτρα [χ.ό.] 2005
Subjects:
Online Access:http://nemertes.lis.upatras.gr/jspui/handle/10889/325
LEADER 02153nam a2200313 u 4500
001 10063140
003 upatras
005 20210117201200.0
008 070713s2005 gr gre
040 |a ΠΑΝΕΠΙΣΤΗΜΙΟ ΠΑΤΡΑΣ  |c ΠΑΝΕΠΙΣΤΗΜΙΟ ΠΑΤΡΑΣ 
041 0 |a gre 
082 0 4 |a 616.4 
100 1 |a Βαγενάκης, Γεώργιος Α.  |9 55969 
245 1 0 |a Ανίχνευση μεταλλάξεων στο γονίδιο KAL, στο γονίδιο της GnRH, στο γονίδιο του υποκινητή της GnRH, και στο γονίδιο του υποδοχέα της GnRH σε ασθενείς με ανεπάρκεια GnRH  |c Γεώργιος Α. Βαγενάκης; Πανεπιστήμιο Πατρών, Σχολή Επιστημών Υγείας, Τμήμα Ιατρικής, Παθολογική Κλινική - Ενδοκρινολογικό Τμήμα 
260 |a Πάτρα  |b [χ.ό.]  |c 2005 
300 |a 136 σ.  |b φωτ., πίν.  |c 29 εκ. 
500 |a Διδακτορική διατριβή 
504 |a Περιλαμβάνει βιβλιογραφία 
650 4 |a Ενδοκρινείς αδένες  |x Ασθένειες  |9 32553 
710 2 |9 2771  |a Πανεπιστήμιο Πατρών  |b Σχολή Επιστημών Υγείας  |b Τμήμα Ιατρικής  |e Σχολή Επιστημών Υγείας  |e Τμήμα Ιατρικής 
852 |a GR-PaULI  |b ΠΑΤΡΑ  |b ΒΚΠ  |b ΑΝΕ  |k ΔΙΑΤΡΙΒΗ  |h 616.4 ΒΑΓ  |m 089704  |p 025000159936  |t 2 
852 |a GR-PaULI  |b ΠΑΤΡΑ  |b ΙΑΤΡΙΚΗ  |k ΔΙΑΤΡΙΒΗ-10  |h WK 515 ΒΑΓ  |m Δ/000710  |p 025000140027  |t 1 
856 |u http://nemertes.lis.upatras.gr/jspui/handle/10889/325 
942 |2 ddc  |c BKTD 
952 |0 0  |1 0  |4 0  |6 616_400000000000000_ΒΑΓ  |7 0  |9 61742  |a LISP  |b LISP  |c RES  |d 2016-04-24  |i 089704  |l 0  |o 616.4 ΒΑΓ  |p 025000159936  |r 2016-04-24 00:00:00  |t 2  |w 2016-04-24  |y BKTD 
952 |0 0  |1 0  |4 0  |6 WK_515_000000000000000_ΒΑΓ  |7 0  |9 61743  |a MEDI  |b MEDI  |d 2016-04-24  |i Δ/000710  |l 0  |o WK 515 ΒΑΓ  |p 025000140027  |r 2016-04-24 00:00:00  |t 1  |w 2016-04-24  |y BKTD 
998 |c MANIAKH  |d 2007-06 
998 |c ΖΟΥΤΣΟΥ  |d 2008-07 
999 |c 39486  |d 39486